UBT Library

THE MANAGEMENT OF TIME (Record no. 58595)

000 -LEADER
fixed length control field 00310nam a22001457a 4500
008 - FIXED-LENGTH DATA ELEMENTS--GENERAL INFORMATION
fixed length control field 221018b ||||| |||| 00| 0 eng d
020 ## - INTERNATIONAL STANDARD BOOK NUMBER
International Standard Book Number 40135489091
041 ## - LANGUAGE CODE
Language code of text/sound track or separate title eng
080 ## - UNIVERSAL DECIMAL CLASSIFICATION NUMBER
Universal Decimal Classification number 338
082 ## - DEWEY DECIMAL CLASSIFICATION NUMBER
Classification number 338
100 ## - Rafti
Rafti 23.1
101 ## - Shkurtesa
Shkurtesa MANA
245 ## - TITLE STATEMENT
Title THE MANAGEMENT OF TIME
Statement of responsibility, etc McCAY J
942 ## - ADDED ENTRY ELEMENTS (KOHA)
Source of classification or shelving scheme
Item type Books
Holdings
Withdrawn status Lost status Source of classification or shelving scheme Damaged status Not for loan Collection code Permanent location Current location Date acquired Total Checkouts Full call number Barcode Date last seen Price effective from Koha item type
          Koleksioni i përgjithshem UBT - Lipjan UBT - Lipjan 10/18/2022   338MCC 002-800028700260196 10/18/2022 10/18/2022 Books
          Koleksioni i përgjithshem UBT - Lipjan UBT - Lipjan 10/18/2022   338 PIN 002-800028700260197 10/18/2022 10/18/2022 Books
UBT Library © 2015-2024. All rights reserved University Education for Business and Technology